Joueurs Français ayant joué au FC Barcelone - Statistiques

Statistiques générales
  • Ce quiz a été pris 554 fois
  • Le résultat moyen est 10 sur 18
Statistiques - réponses
Ayant joué de Jusqu'à Club précédent Club suivant Matchs Barça Joueur % Correct
14.07.2019 31.08.2021 Atlético de Madrid Atlético de Madrid 102 Antoine Griezmann
96%
28.07.2022 Séville FC 141 Jules Koundé
92%
25.08.2017 12.08.2023 Borussia Dortmund Paris Saint-Germain 185 Ousmane Dembélé
92%
01.07.2007 14.07.2010 Arsenal FC New York Red Bulls 121 Thierry Henry
89%
14.07.2016 25.08.2022 Olympique Lyonnais US Lecce 133 Samuel Umtiti
77%
23.07.2014 07.07.2017 FC Valencia Sporting CP 91 Jérémy Mathieu
70%
12.07.2018 26.08.2024 Séville FC Atlético de Madrid 160 Clément Lenglet
64%
13.07.2016 01.08.2018 Paris Saint-Germain FC Everton 46 Lucas Digne
58%
01.07.2007 08.07.2013 Olympique Lyonnais AS Monaco 193 Éric Abidal
55%
01.07.2004 01.07.2007 AS Monaco AS Roma 125 Ludovic Giuly
52%
31.01.2019 15.01.2020 Toulouse FC FC Schalke 04 5 Jean-Clair Todibo
48%
20.07.2006 01.07.2008 Juventus Turin Fin de carrière 58 Lilian Thuram
47%
28.07.2000 01.07.2001 Arsenal FC Chelsea FC 38 Emmanuel Petit
42%
01.07.1997 30.12.1997 AC Milan Olympique de Marseille 13 Christophe Dugarry
38%
01.07.1996 10.07.1997 AJ Auxerre Olympique de Marseille 38 Laurent Blanc
38%
01.07.1999 28.08.2000 RC Lens Paris Saint-Germain 23 Frédéric Déhu
15%
03.07.2001 01.07.2003 AS Monaco Olympique de Marseille 47 Philippe Christanval
13%
01.07.2000 01.07.2002 Celta Vigo Deportivo Alavés 22 Richard Dutruel
10%
Aucun quiz correspondant
Distribution des résultats
% des personnes avec chaque résultat
Percentile par nombre de réponses
Votre historique - résultats
Vous n’avez pas pris ce quiz